PACT up your troubles (Record no. 71552)

MARC details
000 -LEADER
fixed length control field 01032cam a2200205 4500
001 - CONTROL NUMBER
control field ABS66142
008 - FIXED-LENGTH DATA ELEMENTS--GENERAL INFORMATION
fixed length control field 021112n2002 000 0 eng u
035 ## - SYSTEM CONTROL NUMBER
System control number (Sirsi) u120435
245 ## - TITLE STATEMENT
Title PACT up your troubles
260 ## - PUBLICATION, DISTRIBUTION, ETC.
Date of publication, distribution, etc. 2002
490 ## - SERIES STATEMENT
Series statement Estates Gazette
Volume/sequential designation (0244) 2 November 2002, 162-163(2)
520 ## - SUMMARY, ETC.
Summary, etc. Examines Professional Arbitration on Court Terms (PACT) which offers landlords and tenants the chance to have their rent review determined by a surveyor and also the chance for any other new terms to be determined by the surveyor. Mentions the clear benefits associated with the scheme and the reasons why it is more likely to be used in the future due to amendments to CPR and the introduction of the new Part 56. PACT is not necessarily cheaper than a court process but the proceedure is usually quicker.
590 ## - LOCAL NOTE (RLIN)
Local note ABS
650 ## - SUBJECT ADDED ENTRY--TOPICAL TERM
Topical term or geographic name entry element PACT
650 ## - SUBJECT ADDED ENTRY--TOPICAL TERM
Topical term or geographic name entry element PROFESSIONAL ARBITRATION ON COURT TERMS
650 ## - SUBJECT ADDED ENTRY--TOPICAL TERM
Topical term or geographic name entry element LEASE RENEWAL
650 ## - SUBJECT ADDED ENTRY--TOPICAL TERM
Topical term or geographic name entry element INDEPENDENT EXPERT
690 ## - LOCAL SUBJECT ADDED ENTRY--TOPICAL TERM (OCLC, RLIN)
Topical term or geographic name as entry element Dispute resolution
9 (RLIN) 6236
942 ## - ADDED ENTRY ELEMENTS (KOHA)
Suppress in OPAC 0
Holdings
Withdrawn status Lost status Source of classification or shelving scheme Damaged status Not for loan Home library Current library Shelving location Date acquired Total Checkouts Full call number Barcode Date last seen Copy number Price effective from Koha item type
    Dewey Decimal Classification     London London Books 12/11/2002   ABS66142 120435-1001 06/08/2019 1 06/08/2019 Book